000 00404nam a22001697a 4500
005 20160511151331.0
008 160511b xxu||||| |||| 00| 0 eng d
020 _a019-566175-3
041 _aeng
082 _b1310
100 _aChakrabortee Bidyut (edi)
_9467
245 _aPublic Adminstration
260 _bOxford University Press
_c2003
300 _a429
650 _aManagement
_9241
942 _cBK
999 _c573
_d573